| 000 | 01387cad a22002175a 4500 | ||
|---|---|---|---|
| 001 | L145326 | ||
| 008 | 080929s2008 xxk f 000 0 eng d | ||
| 035 | _a(Sirsi) u145326 | ||
| 041 | 0 | _aeng | |
| 050 | 0 | 4 | _a361 $2 22 |
| 110 | 2 |
_aJoseph Rowntree Foundation _92318 |
|
| 245 | 0 | 0 |
_aCalculating the cost of efficient care homes _ba toolkit for residential and nursing homes _h[electronic resource] |
| 250 | _a3rd ed. | ||
| 260 |
_aLondon _bJRF _c2008 |
||
| 520 | _aRefines the Joseph Rowntree Foundation's formula for calculating reasonable fees, based on the operating costs of efficient care homes for older people in England. Suggests a 12% target rate of return on capital, and a 'good' or 'excellent' rating for a home as a prerequisite for these 'fair market fee' levels. Recommends a new and simplified approach to working out 'floor' and 'ceiling' fair fee. Concludes that local authorities may have to find an additional £540m annually to meet the latest physical environment standards, not including the costs of a professionalised workforce. | ||
| 590 | _aKA | ||
| 651 | 4 |
_aEngland and Wales _y1543- |
|
| 690 | _aPROPERTY-OTHER PROPERTY TYPES-HEALTHCARE AND WELFARE PROPERTY-WELFARE FACILITY AND HOME PROPERTY-WELFARE FACILITIES | ||
| 856 | 4 | 0 |
_uhttps://www.jrf.org.uk/knowledge/findings/socialcare/2260.asp _zView the report free of charge at www.jrf.org.uk |
| 942 | _n0 | ||
| 999 |
_c108760 _d108760 |
||